[Event "World Amateur-ch U1700"]
[Site "Spoleto"]
[Date "2017.04.02"]
[Round "3"]
[White "Seip, Theo"]
[Black "Chua, Jing Yuan Cyril"]
[Result "1/2-1/2"]
[WhiteElo "1687"]
[BlackElo "1509"]
[PlyCount "113"]
[EventDate "2017.04.01"]
[EventType "swiss"]
[EventRounds "9"]
[EventCountry "ITA"]
[SourceTitle "EXT 2024"]
[Source "ChessBase"]
[SourceDate "2023.10.10"]
[SourceVersion "1"]
[SourceVersionDate "2023.10.10"]
[SourceQuality "1"]

1. Nf3 Nf6 2. g3 d5 3. c4 e6 4. Bg2 c5 5. 0-0 Nc6 6. b3 Be7 7. Bb2 0-0 8. d3 d4 9. Nbd2 h6 10. Re1 e5 11. Ne4 Nxe4 12. dxe4 Bg4 13. a3 a6 14. Qd3 Qc7 15. h3 Bh5 16. Bc1 Rab8 17. g4 Bg6 18. g5 hxg5 19. Bxg5 b5 20. cxb5 Rxb5 21. Rac1 Rfb8 22. Bxe7 Nxe7 23. b4 Nd5 24. Rxc5 Rxc5 25. bxc5 Nf4 26. Qc2 f6 27. Nh4 Bf7 28. Nf5 Rb3 29. a4 Rc3 30. Qb2 Rxc5 31. Rb1 Rc1+ 32. Kh2 Rxb1 33. Qxb1 Nxe2 34. Bf1 Nc3 35. Qd3 a5 36. Qg3 g6 37. h4 Nxe4 38. Qg2 Nd2 39. Nh6+ Kh7 40. Nxf7 e4+ 41. Kh1 Qxf7 42. Be2 f5 43. Qg5 Nb3 44. h5 d3 45. Bd1 Nd4 46. Qh4 gxh5 47. Bxh5 Qg7 48. Qf4 Qb7 49. Qg5 e3+ 50. f3 e2 51. Qg6+ Kh8 52. Qe8+ Kg7 53. Qg6+ Kf8 54. Qe8+ Kg7 55. Qg6+ Kh8 56. Qe8+ Kh7 57. Qg6+ 1/2-1/2

[Event "Maastricht Limburg op-C 8th"]
[Site "Maastricht"]
[Date "2014.06.09"]
[Round "6"]
[White "Reichardt, Monica"]
[Black "Seip, Theo"]
[Result "1/2-1/2"]
[WhiteElo "1447"]
[BlackElo "1530"]
[PlyCount "58"]
[EventDate "2014.06.06"]
[EventType "swiss"]
[EventRounds "7"]
[EventCountry "NED"]
[SourceTitle "EXT 2015"]
[Source "ChessBase"]
[SourceDate "2014.11.20"]
[SourceVersion "1"]
[SourceVersionDate "2014.11.20"]
[SourceQuality "1"]

1. e4 c5 2. Nc3 d6 3. Bc4 Nf6 4. f4 Nc6 5. Nf3 Bg4 6. 0-0 a6 7. a4 e6 8. Be2 Be7 9. d3 0-0 10. Ng5 Bxe2 11. Nxe2 h6 12. Nf3 b5 13. axb5 axb5 14. Bd2 Qb6 15. Kh1 Qb7 16. c3 Rxa1 17. Qxa1 Ra8 18. Qb1 b4 19. e5 Nd5 20. d4 Qa6 21. Ng3 dxe5 22. fxe5 Qa2 23. Ne4 Qxb1 24. Rxb1 cxd4 25. cxd4 Ra2 26. Rc1 Na7 27. Rb1 Nb5 28. Nf2 f6 29. Nd3 f5 1/2-1/2

[Event "Maastricht Limburg op-C 8th"]
[Site "Maastricht"]
[Date "2014.06.08"]
[Round "4"]
[White "Lennartz, Ludwig"]
[Black "Seip, Theo"]
[Result "1-0"]
[WhiteElo "1511"]
[BlackElo "1530"]
[PlyCount "43"]
[EventDate "2014.06.06"]
[EventType "swiss"]
[EventRounds "7"]
[EventCountry "NED"]
[SourceTitle "EXT 2015"]
[Source "ChessBase"]
[SourceDate "2014.11.20"]
[SourceVersion "1"]
[SourceVersionDate "2014.11.20"]
[SourceQuality "1"]

1. e4 c5 2. Nf3 d6 3. d4 cxd4 4. Nxd4 Nf6 5. Nc3 e6 6. Be3 Be7 7. Bd3 Nc6 8. 0-0 a6 9. f4 0-0 10. Qf3 Qc7 11. g4 b5 12. g5 Nd7 13. Qg3 Nc5 14. f5 b4 15. Nce2 f6 16. g6 h6 17. Qh4 Bd8 18. Nxc6 Qxc6 19. Rf3 exf5 20. Nd4 Qb7 21. Bc4+ Kh8 22. Bxh6 1-0

[Event "Maastricht Limburg op-C 8th"]
[Site "Maastricht"]
[Date "2014.06.08"]
[Round "5"]
[White "Seip, Theo"]
[Black "Visse, Bernard"]
[Result "1-0"]
[WhiteElo "1530"]
[BlackElo "1670"]
[PlyCount "75"]
[EventDate "2014.06.06"]
[EventType "swiss"]
[EventRounds "7"]
[EventCountry "NED"]
[SourceTitle "EXT 2015"]
[Source "ChessBase"]
[SourceDate "2014.11.20"]
[SourceVersion "1"]
[SourceVersionDate "2014.11.20"]
[SourceQuality "1"]

1. Nf3 Nf6 2. g3 e6 3. c4 d5 4. cxd5 Nxd5 5. Bg2 Nd7 6. e4 Nb4 7. d4 Be7 8. a3 Nc6 9. 0-0 Nf6 10. Nc3 0-0 11. b4 a6 12. Bb2 Na7 13. Rc1 Nb5 14. Nxb5 axb5 15. Qc2 c6 16. Ne5 Ne8 17. Rfd1 f6 18. Nd3 Nd6 19. d5 Nc4 20. dxc6 Qc7 21. cxb7 Bxb7 22. Nf4 Ra6 23. a4 Rxa4 24. Nxe6 Qb8 25. Nxf8 Qxf8 26. Qb3 Rxb4 27. Qa2 Rxb2 28. Qa7 Bc6 29. Qc7 Be8 30. Bh3 Nd6 31. Be6+ Kh8 32. Ra1 Nxe4 33. Ra8 Nc5 34. Bd7 Nxd7 35. Rxd7 Re2 36. Qc8 Kg8 37. Qxe8 b4 38. Rxe7 1-0

[Event "Maastricht Limburg op-C 8th"]
[Site "Maastricht"]
[Date "2014.06.07"]
[Round "3"]
[White "Seip, Theo"]
[Black "Katranov, Lev"]
[Result "1-0"]
[WhiteElo "1530"]
[BlackElo "1429"]
[PlyCount "81"]
[EventDate "2014.06.06"]
[EventType "swiss"]
[EventRounds "7"]
[EventCountry "NED"]
[SourceTitle "EXT 2015"]
[Source "ChessBase"]
[SourceDate "2014.11.20"]
[SourceVersion "1"]
[SourceVersionDate "2014.11.20"]
[SourceQuality "1"]

1. Nf3 d5 2. g3 e6 3. Bg2 Nf6 4. d3 Be7 5. 0-0 0-0 6. c3 c5 7. Qc2 Nc6 8. e4 dxe4 9. dxe4 e5 10. h3 Be6 11. Be3 Qc8 12. Kh2 Rd8 13. Nbd2 h6 14. Rfd1 Nh7 15. Nb3 Rxd1 16. Rxd1 b6 17. Nc1 g5 18. Ne1 h5 19. Qe2 g4 20. h4 f6 21. Bh6 Bf8 22. Qd2 Bf7 23. Nc2 Bxh6 24. Qxh6 Qf8 25. Qxf8+ Nxf8 26. Rd6 Ne7 27. Ne3 Kg7 28. Nd5 Nxd5 29. exd5 Bg6 30. Rc6 e4 31. Rc7+ Kg8 32. Nb3 f5 33. Bf1 Bf7 34. c4 Kg7 35. Nc1 Ng6 36. Ne2 Kf6 37. Nc3 Be8 38. a4 Ke5 39. Ne2 Ne7 40. Rxe7+ Kd6 41. Rg7 1-0